| 000 | 01341cam a2200325Ia 4500 | ||
|---|---|---|---|
| 001 | raisingearthworm00shie | ||
| 003 | CaSfIA | ||
| 005 | 20210118213552.0 | ||
| 007 | cr|||| | ||
| 008 | 820921s1982 wiua 001 0 eng d | ||
| 040 |
_aIFK _cIFK _dSPP _dNZ1 _dCaSfIA |
||
| 020 | _a0914116215 | ||
| 020 | _a9780914116219 | ||
| 035 | _a(OCoLC)8792540 | ||
| 050 | 4 |
_aSF597.E3 _bS48 1982 |
|
| 082 | 0 | 4 |
_a639.75/46 _219 |
| 100 | 1 |
_aShields, Earl Bell, _d1892- |
|
| 245 | 1 | 0 |
_aRaising earthworms for profit / _h[electronic resource] _cby Earl B. Shields. |
| 250 | _a18th ed. | ||
| 260 |
_aEagle River, Wis. : _bShields Publications, _cc1982. |
||
| 300 |
_a128 p. : _bill. ; _c22 cm. |
||
| 500 | _aIncludes index. | ||
| 650 | 0 | _aEarthworm culture. | |
| 029 | 1 |
_aNZ1 _b2720118 |
|
| 856 | 4 | 1 |
_uhttp://www.archive.org/details/raisingearthworm00shie _zFree eBook from the Internet Archive |
| 856 | 4 | 2 |
_uhttp://www.openlibrary.org/books/OL20577222M _zAdditional information and access via Open Library |
| 942 | _cEB | ||
| 506 | _fНеобхідна авторизація на https://archive.org/ (створення облікового запису безкоштовно) | ||
| 506 | _fНеобхідна авторизація на https://openlibrary.org/ (створення облікового запису безкоштовно) | ||
| 999 |
_c541265 _d541265 |
||